| 000 | 02594nam a2200697 i 4500 | ||
|---|---|---|---|
| 001 | 991053108208905066 | ||
| 003 | NyNyJPI | ||
| 005 | 20260408201742.0 | ||
| 008 | 240424s2023 pl bcho |000 0 pol c | ||
| 009 | b1000003581299 | ||
| 015 | _aUWD 2024/17464 | ||
| 020 |
_a9788396769473 _q(oprawa miękka ; _qMGW) : _czł 44 |
||
| 020 |
_a9788324240524 _q(oprawa miękka ; _qUniversitas) : _czł 44 |
||
| 020 |
_z9788396769480 _q(e-book ; _qMGW) |
||
| 020 |
_z9788324267569 _q(e-book ; _qUniversitas) |
||
| 035 | _axx005693077 | ||
| 035 | _a(PL)b1000003581299 | ||
| 035 | _a(EXLNZ-48OMNIS_NETWORK)9914007751205606 | ||
| 040 |
_aWR O _cWR O _dWR O _dWA N _dLUBL KUL _dKR U _dGD U _dWA N _dZDU_1 _dWA N |
||
| 045 | 2 |
_bd1933 _bd1945 |
|
| 046 | _k2023 | ||
| 080 | _a94(100)"1939/1945":341.322.5 | ||
| 084 | _a01 | ||
| 100 | 1 |
_aSzuchta, Robert _d(1962- ) _eAutor |
|
| 245 | 0 | 0 |
_aHolokaust : _b(nie)odrobiona lekcja historii / _cRobert Szuchta, Piotr Trojański. |
| 260 |
_aKraków : _bTowarzystwo Autorów i Wydawców Prac Naukowych Universitas ; _aWarszawa : _bMuzeum Getta Warszawskiego, _c2023. |
||
| 300 |
_a503, [1] strona : _bfaksymilia, fotografie, ilustracje, mapy, portrety, errata ; _c24 cm. |
||
| 336 |
_aTekst _btxt _2rdacontent |
||
| 337 |
_aBez urządzenia pośredniczącego _bn _2rdamedia |
||
| 338 |
_aWolumin _bnc _2rdacarrier |
||
| 380 | _aKsiążki | ||
| 380 | _aPublikacje dydaktyczne | ||
| 380 | _aPublikacje naukowe | ||
| 385 | _aNauczycielki i nauczyciele | ||
| 385 |
_mPoziom nauczania _aSzkoły średnie |
||
| 385 |
_mPoziom nauczania _aSzkoły wyższe |
||
| 388 | 1 | _a2001- | |
| 504 | _aBibliografie przy części rozdziałów. | ||
| 536 | _aWspółfinansowanie: Minister Kultury i Dziedzictwa Narodowego | ||
| 648 | 7 |
_a1901-2000 _2DBN |
|
| 648 | 7 |
_a1918-1939 _2DBN |
|
| 648 | 7 |
_a1939-1945 _2DBN |
|
| 650 | 7 |
_aII wojna światowa (1939-1945) _2DBN |
|
| 650 | 7 |
_aAntysemityzm _2DBN |
|
| 650 | 7 |
_aGetta żydowskie _2DBN |
|
| 650 | 7 |
_aHolokaust _2DBN |
|
| 650 | 7 |
_aNiemieckie nazistowskie obozy koncentracyjne _2DBN |
|
| 650 | 7 |
_aPogromy Żydów _2DBN |
|
| 650 | 7 |
_aŻydzi _2DBN |
|
| 650 | 0 |
_aAntisemitism _vTextbooks. |
|
| 650 | 0 |
_aHolocaust, Jewish (1939-1945) _vTextbooks. |
|
| 651 | 7 |
_aEuropa _2DBN |
|
| 651 | 7 |
_aNiemcy _2DBN |
|
| 655 | 7 |
_aPodręcznik _2DBN |
|
| 658 | _aHistoria | ||
| 700 | 1 |
_aSzuchta, Robert _d(1962- ) _eAutor |
|
| 700 | 1 |
_aTrojański, Piotr _d(1968- ) _eAutor |
|
| 710 | 2 |
_aMuzeum Getta Warszawskiego _eWydawca _4pbl |
|
| 710 | 2 |
_aTowarzystwo Autorów i Wydawców Prac Naukowych Universitas _eWydawca _4pbl |
|
| 942 |
_2z _cBK _n0 |
||
| 999 |
_c91083 _d91083 |
||